Southville International School and Colleges
Your cart is empty.
  • Cart
  • Lists
    Public lists Eva Luna New books Lux_list list_1
    Your lists Log in to create your own lists
  • Log in to your account
  • Your cookies
  • Search history
Southville International School and Colleges
  • Advanced search
  • Recent comments
  • Most popular
  • Libraries

Log in to your account

Log in with GOOGLE


If you do not have an external account, but do have a local account, you can still log in:

  1. Home
  2. MARC view: In the footsteps of popes :
Normal view MARC view ISBD view

In the footsteps of popes : (Record no. 16797)

[ view plain ]
MARC details
000 -LEADER
fixed length control field 00624nam a22002057a 4500
003 - CONTROL NUMBER IDENTIFIER
control field OSt
005 - DATE AND TIME OF LATEST TRANSACTION
control field 20140310182838.0
008 - FIXED-LENGTH DATA ELEMENTS--GENERAL INFORMATION
fixed length control field 130607t xxu||||| |||| 00| 0 eng d
020 ## - INTERNATIONAL STANDARD BOOK NUMBER
International Standard Book Number 9780060556310
050 ## - LIBRARY OF CONGRESS CALL NUMBER
Classification number N 2940
Item number .B912 2001
082 ## - DEWEY DECIMAL CLASSIFICATION NUMBER
Classification number M 708.5634
Item number B912 2001
245 ## - TITLE STATEMENT
Title In the footsteps of popes :
Remainder of title a spirited guide to the treasures of the Vatican /
Statement of responsibility, etc Bruschini, Enrico
260 ## - PUBLICATION, DISTRIBUTION, ETC. (IMPRINT)
Place of publication, distribution, etc New York, NY :
Name of publisher, distributor, etc Harper Perenial,
Date of publication, distribution, etc 2001.
300 ## - PHYSICAL DESCRIPTION
Extent xi, 260 p. :
Other physical details ill. (some col.) ;
Dimensions 24 cm.
521 ## - TARGET AUDIENCE NOTE
Target audience note
526 ## - STUDY PROGRAM INFORMATION NOTE
Reading level 1210L-1700L
541 ## - IMMEDIATE SOURCE OF ACQUISITION NOTE
-- 1
562 ## - COPY AND VERSION IDENTIFICATION NOTE
Number of copies 1
942 ## - ADDED ENTRY ELEMENTS (KOHA)
Source of classification or shelving scheme Library of Congress Classification
Koha item type Books
Call number prefix
Holdings
Withdrawn status Lost status Source of classification or shelving scheme Damaged status Home library Current library Shelving location Date acquired Total Checkouts Full call number Barcode Date last seen Copy number Price effective from Koha item type
    Library of Congress Classification   College Library College Library General Circulation Section 06/07/2013   N 2940 .B912 2001 C15926 05/15/2018 1 06/07/2013 Books

In the footsteps of popes :

APA

(2001). In the footsteps of popes. New York, NY: Harper Perenial.

Chicago

2001. In the footsteps of popes. New York, NY: Harper Perenial.

Harvard

(2001). In the footsteps of popes. New York, NY: Harper Perenial.

MLA

In the footsteps of popes. New York, NY: Harper Perenial. 2001.

  • Place hold
  • Print
  • Cite
  • Add to your cart (remove)
  • Save record
    BIBTEX Dublin Core MARCXML MARC (non-Unicode/MARC-8) MARC (Unicode/UTF-8) MARC (Unicode/UTF-8, Standard) MODS (XML) RIS
  • More searches
    Search for this title in:
    Other Libraries (WorldCat) Other Databases (Google Scholar) Online Stores (Bookfinder.com) Open Library (openlibrary.org)

Exporting to Dublin Core...

SOUTHVILLE LIBRARY

Southville International School and Colleges Library

1281 Tropical Ave. Cor. Luxembourg St., BF Homes International, Las Pinas City

Tel. No. 8256374 / 252358 Loc. 117/146

Powered by Koha